书目信息 |
| 题名: |
捣蛋鬼日记
|
|
| 作者: | 意万巴 著 | |
| 分册: | ||
| 出版信息: | 北京 团结出版社 2010.09 |
|
| 页数: | 216页 | |
| 开本: | 20cm | |
| 丛书名: | ||
| 单 册: | ||
| 中图分类: | I546.84 | |
| 科图分类: | ||
| 主题词: | 文学 | |
| 电子资源: | ||
| ISBN: | 978-7-5126-0195-6 | |
| 000 | 00547nam0 2200193 450 | |
| 001 | 1250292634 | |
| 005 | 20120108154023.79 | |
| 010 | @a978-7-5126-0195-6@dCNY15.80 | |
| 100 | @a20120108d2010 km y0chiy0120 ea | |
| 101 | 0 | @achi |
| 102 | @aCN@b110000 | |
| 200 | 1 | @a捣蛋鬼日记@Adao dan gui ri ji@f意万巴著@Fyi wan ba zhu |
| 210 | @a北京@c团结出版社@d2010.09 | |
| 215 | @a216页@d20cm | |
| 606 | 0 | @a文学 |
| 690 | @aI546.84@v4 | |
| 701 | 0 | @a意万巴@Ayi wan ba@4著 |
| 801 | 0 | @aCN@b大连网信软件有限公司图书馆·11@c20120108 |
| 905 | @aZUCC@dI546.84@eY568 | |
| 捣蛋鬼日记/意万巴著.-北京:团结出版社,2010.09 |
| 216页;20cm |
| ISBN 978-7-5126-0195-6:CNY15.80 |
| ● |
| 相关链接 |
|
|
|
正题名:捣蛋鬼日记
索取号:I546.84/Y568
 
预约/预借
| 序号 | 登录号 | 条形码 | 馆藏地/架位号 | 状态 | 备注 |
| 1 | 481209 | 204812097 | 文学库116/400B社科库 26排4列1层/ [索取号:I546.84/Y568] | 在馆 | |
| 2 | 481210 | 204812104 | 文学库116/116文学库 19排1列2层/ [索取号:I546.84/Y568] | 在馆 |